00414nam a2200169Ia 450000500170000000800410001702000180005808200130007610000190008924500330010825000060014126000240014730000170017150000250018865000150021370000160022820230722165340.0230524s9999 xx 000 0 und d a9788126518784 a621bAGR aBasant Agrawal 0aBasic Mechanical Engineering a1 aDelhibWiley c2016 a"Xvii,370p;" aQuantity Number: 15 aMECHANICAL aC.M.Agrawal